Մանոն Լեսկոյի և ասպետ դե Գրիոյի պատմությունը / (Record no. 11199)
[ view plain ]
| 000 -LEADER | |
|---|---|
| fixed length control field | 01113nam a2200241 a 4500 |
| 003 - CONTROL NUMBER IDENTIFIER | |
| control field | AM-YEHGA |
| 005 - DATE AND TIME OF LATEST TRANSACTION | |
| control field | 20250618070905.0 |
| 008 - FIXED-LENGTH DATA ELEMENTS--GENERAL INFORMATION | |
| fixed length control field | 981214s1937 ai ||||gr|||||||||1|arm|d |
| 040 ## - CATALOGING SOURCE | |
| Original cataloging agency | AM-YeHGA |
| 041 1# - LANGUAGE CODE | |
| Language code of text/sound track or separate title | arm |
| Language code of original | fre |
| 090 ## - LOCALLY ASSIGNED LC-TYPE CALL NUMBER (OCLC); LOCAL CALL NUMBER (RLIN) | |
| -- | 11286 |
| 100 1# - MAIN ENTRY--PERSONAL NAME | |
| Personal name | Պրևո, Աբբա |
| 9 (RLIN) | 5329 |
| 245 10 - TITLE STATEMENT | |
| Title | Մանոն Լեսկոյի և ասպետ դե Գրիոյի պատմությունը / |
| Statement of responsibility, etc. | Աբբա Պրևո ; Ֆրանս. թարգմ.՝ Վ. Գիլանյան ; Առաջաբ. հեղ.՝ Ա.Կ. Վինոգրադով ; Նկ.՝ Հ. Կոջոյան. |
| 260 ## - PUBLICATION, DISTRIBUTION, ETC. | |
| Place of publication, distribution, etc. | Յերևան ; |
| -- | Մոսկվա : |
| Name of publisher, distributor, etc. | Հայպետհրատ, |
| Date of publication, distribution, etc. | 1937. |
| 300 ## - PHYSICAL DESCRIPTION | |
| Extent | xv + 254 էջ ։ |
| Other physical details | նկարազարդումներ ; |
| Dimensions | 23 սմ. |
| 500 ## - GENERAL NOTE | |
| General note | Ծանոթագր., էջ՝ 253-254 |
| 650 14 - SUBJECT ADDED ENTRY--TOPICAL TERM | |
| Topical term or geographic name entry element | Ֆրանսիական գրականություն |
| 9 (RLIN) | 4810 |
| 653 0# - INDEX TERM--UNCONTROLLED | |
| Uncontrolled term | Սիրավեպ |
| 700 1# - ADDED ENTRY--PERSONAL NAME | |
| Personal name | Գիլանյան, Վ. |
| Relator term | թարգմ. |
| Relationship | trl |
| 700 1# - ADDED ENTRY--PERSONAL NAME | |
| Personal name | Կոջոյան, Հակոբ Կարապետի, |
| Dates associated with a name | 1883-1959 |
| Relator term | նկ. |
| Relationship | art |
| 9 (RLIN) | 1540 |
| 856 4# - ELECTRONIC LOCATION AND ACCESS | |
| Uniform Resource Identifier | <a href="https://arar.sci.am/dlibra/publication/292957/edition/268973/content ">https://arar.sci.am/dlibra/publication/292957/edition/268973/content </a> |
| Link text | Կարդալ առցանց |
| 942 ## - ADDED ENTRY ELEMENTS (KOHA) | |
| Source of classification or shelving scheme | Universal Decimal Classification |
| Koha item type | Գրքեր / Books |
| Withdrawn status | Lost status | Damaged status | Not for loan | Collection | Home library | Current library | Date acquired | Total checkouts | Full call number | Barcode | Date last seen | Price effective from | Koha item type | Public note | Source of classification or shelving scheme |
|---|---|---|---|---|---|---|---|---|---|---|---|---|---|---|---|
| General | Fundamental Scientific Library | Fundamental Scientific Library | 21/12/2016 | AII/21688 | FL0006049 | 21/12/2016 | 21/12/2016 | Գրքեր / Books | 30 Days Loan | ||||||
| General | Fundamental Scientific Library | Fundamental Scientific Library | 21/12/2016 | AII/21690 | FL0006050 | 21/12/2016 | 21/12/2016 | Գրքեր / Books | 30 Days Loan | ||||||
| General | Fundamental Scientific Library | Fundamental Scientific Library | 21/12/2016 | AII/21691 | FL0006051 | 21/12/2016 | 21/12/2016 | Գրքեր / Books | 30 Days Loan | ||||||
| General | Fundamental Scientific Library | Fundamental Scientific Library | 23/02/2023 | AII/109464 | FL0678141 | 23/02/2023 | 23/02/2023 | Գրքեր / Books | 30 Days Loan | Universal Decimal Classification |
ՀՀ Գիտությունների ազգային ակադեմիայի հիմնարար գիտական գրադարան = Fundamental Scientific Library of NAS RA
All site content, except where otherwise noted, is licensed under a